Pinball 1973 / (Kayıt no. 9570)

MARC ayrıntıları
000 -BAŞLIK
Sabit Uzunluktaki Kontrol Alanı 00526nam a22001937a 4500
003 - KONTROL NUMARASI KİMLİĞİ
Kontrol Alanı KOHA_MİRAKIL
005 - EN SON İŞLEM TARİHİ ve ZAMANI
Kontrol Alanı 20251123145244.0
008 - SABİT UZUNLUKTAKİ VERİ ÖGELERİ - GENEL BİLGİ
Sabit Alan 251123b tu ||||| |||| 00| 0 tur d
020 ## - ISBN - ULUSLARARASI STANDART KİTAP NUMARASI
Isbn 9786258215410
040 ## - KATALOGLAMA KAYNAĞI
Özgün Kataloglama Kurumu TR-AnABB
Kataloglama Dili tur
Çeviri Kurumu TR-AnABB
041 ## - DİL KODU
Metin ya da ses kaydının dil kodu tur
082 ## - DEWEY ONU SINIFLAMA SİSTEMİ
Sınıflama Numarası 895.635
Cutter numarası MUR 2022
100 1# - KİŞİ ADI
Yazar Adı (Kişi adı) Murakami, Haruki,
245 10 - ESER ADI BİLDİRİMİ
Başlık Pinball 1973 /
Sorumluluk Bildirimi Haruki Murakami
260 ## - YAYIN, DAĞITIM, VB.
Yayın Yeri İstanbul :
Yayınevi Doğan Kitap,
Yayın Tarihi 2022
300 ## - FİZİKSEL TANIMLAMA
Sayfa, Cilt vb. 142 sayfa ;
Boyutları 21 cm
650 04 - KONU BAŞLIĞI EK GİRİŞ - KONU TERİMİ
Konusal terim veya coğrafi ad Japon edebiyatı, roman
942 ## - EK GİRİŞ ÖGELERİ (KOHA)
Sınıflama Kaynağı Dewey Decimal Classification
Materyal Türü Kitap
900 ## - YEREL BİLGİ
Kontrol Gizem YORULMAZ
Mevcut
Geri Çekilme Durumu Kayıp Durumu Sınıflandırma Kaynağı Kredi için değil Kalıcı Konum Mevcut Konum Kayıt Tarih Toplam Ödünçverme Yer Numarası Demirbaş Numarası Son Görülme Tarihi Fatura Tarihi Materyal Türü
    Dewey Decimal Classification   Büyükşehir Genç Akademi Batıkent Büyükşehir Genç Akademi Batıkent 23/11/2025   895.635 MUR 2022 ABB125673 23/11/2025 23/11/2025 Kitap